[Event "Florianopolis op 9th"]
[Site "Florianopolis"]
[Date "2023.01.28"]
[Round "8"]
[White "Lima, Yuri Ramos Santos"]
[Black "Nunes, Alice"]
[Result "1/2-1/2"]
[WhiteElo "1284"]
[BlackElo "1800"]
[PlyCount "87"]
[EventDate "2023.01.23"]
[EventType "swiss"]
[EventRounds "10"]
[EventCountry "BRA"]
[SourceTitle "CBM 212 Extra"]
[Source "ChessBase"]
[SourceDate "2023.03.31"]
[SourceVersion "1"]
[SourceVersionDate "2023.03.31"]
[SourceQuality "1"]

1. d4 d5 2. c4 e6 3. Nc3 Nf6 4. Bg5 Be7 5. Nf3 b6 6. e3 Nbd7 7. Bd3 Bb7 8. 0-0 0-0 9. Rc1 c5 10. cxd5 Nxd5 11. Bxe7 Qxe7 12. Re1 Nxc3 13. bxc3 Rad8 14. Qe2 Nf6 15. Ne5 Nd7 16. f4 Nxe5 17. fxe5 f6 18. exf6 Qxf6 19. Rf1 Qg5 20. Bc4 Bd5 21. e4 Bxc4 22. Qxc4 Qe3+ 23. Kh1 Qxe4 24. Rfe1 Qd5 25. Qe2 Rf6 26. Rcd1 Qc6 27. Qe5 Rd6 28. dxc5 Rxd1 29. Rxd1 Rf2 30. Qg3 Qxc5 31. Qb8+ Qf8 32. Qxf8+ Kxf8 33. Kg1 Rxa2 34. Rd7 a5 35. Rd6 Rc2 36. Rxb6 Ke7 37. Rb7+ Kf6 38. Ra7 Rxc3 39. Rxa5 Rc2 40. Ra7 e5 41. Kf1 h5 42. Ra5 g5 43. Ra8 h4 44. Rf8+ 1/2-1/2

[Event "Florianopolis op 9th"]
[Site "Florianopolis"]
[Date "2023.01.27"]
[Round "7"]
[White "Nunes, Alice"]
[Black "Zottis, Ernani"]
[Result "1/2-1/2"]
[WhiteElo "1800"]
[BlackElo "1352"]
[PlyCount "125"]
[EventDate "2023.01.23"]
[EventType "swiss"]
[EventRounds "10"]
[EventCountry "BRA"]
[SourceTitle "CBM 212 Extra"]
[Source "ChessBase"]
[SourceDate "2023.03.31"]
[SourceVersion "1"]
[SourceVersionDate "2023.03.31"]
[SourceQuality "1"]

1. d4 d5 2. Bf4 b6 3. Nf3 Bb7 4. e3 e6 5. Bd3 Bd6 6. Bg3 Nc6 7. Bb5 Nge7 8. Nbd2 Nf5 9. Ne5 Bxe5 10. Bxe5 0-0 11. Bg3 Nd6 12. Bxc6 Bxc6 13. 0-0 Bb5 14. Bxd6 Qxd6 15. Re1 f5 16. f4 c5 17. a4 Ba6 18. b3 cxd4 19. exd4 Qxf4 20. Nf3 Qd6 21. Ng5 Rf6 22. Qh5 h6 23. Nf3 Rc8 24. Rac1 Qf4 25. Qh4 Qxh4 26. Nxh4 Rc6 27. g3 f4 28. gxf4 Rxf4 29. Ng2 Rf6 30. Re3 Rc8 31. c3 Rcf8 32. Ree1 Bd3 33. c4 dxc4 34. bxc4 Rd8 35. c5 bxc5 36. dxc5 Ba6 37. c6 Rdf8 38. c7 Rg6 39. Rc2 Bb7 40. Rd1 Bc8 41. Rd8 e5 42. Rcd2 Rgf6 43. Rxf8+ Rxf8 44. Rd8 Kf7 45. Rxf8+ Kxf8 46. Nh4 Ke8 47. Ng6 Kd7 48. Nxe5+ Kxc7 49. h4 Kd6 50. Nc4+ Kc5 51. Na5 a6 52. Kf2 Kb4 53. Nc6+ Kxa4 54. Ke2 Kb5 55. Nd4+ Kc4 56. Nc6 Bb7 57. Na5+ Kb4 58. Nxb7 a5 59. Nxa5 Kxa5 60. Kf3 Kb5 61. Kf4 g5+ 62. hxg5 hxg5+ 63. Kxg5 1/2-1/2

[Event "Florianopolis op 9th"]
[Site "Florianopolis"]
[Date "2023.01.24"]
[Round "3"]
[White "Nunes, Alice"]
[Black "Fernandes, Beatriz"]
[Result "0-1"]
[WhiteElo "1800"]
[BlackElo "1359"]
[PlyCount "120"]
[EventDate "2023.01.23"]
[EventType "swiss"]
[EventRounds "10"]
[EventCountry "BRA"]
[SourceTitle "CBM 212 Extra"]
[Source "ChessBase"]
[SourceDate "2023.03.31"]
[SourceVersion "1"]
[SourceVersionDate "2023.03.31"]
[SourceQuality "1"]

1. d4 Nf6 2. Nf3 g6 3. Bf4 d6 4. e3 Bg7 5. Nbd2 b6 6. c3 Bb7 7. Bc4 a6 8. a3 d5 9. Bd3 c5 10. Bc2 c4 11. b3 b5 12. b4 a5 13. 0-0 0-0 14. Re1 e6 15. Ne5 Nc6 16. Nxc6 Bxc6 17. Nf3 Nd7 18. e4 Re8 19. e5 axb4 20. axb4 Rxa1 21. Qxa1 Qa8 22. h3 Nb6 23. Bd2 Qb7 24. Qb2 Ra8 25. Qc1 Na4 26. Kh2 Qa6 27. Ng1 Nb6 28. Ne2 Qa3 29. Qxa3 Rxa3 30. Rc1 f6 31. f4 Kf7 32. g3 Na4 33. Bb1 Nb2 34. Kg2 Bh6 35. Kf3 fxe5 36. dxe5 d4+ 37. Kf2 d3 38. Nd4 Ra6 39. h4 Ke7 40. Rf1 Kd7 41. Ke1 Ra1 42. Kf2 Na4 43. Rc1 Nb6 44. g4 Nd5 45. g5 Bg7 46. Be3 Ne7 47. Kg3 Nf5+ 48. Nxf5 exf5 49. Re1 Be4 50. Bd2 Ke6 51. Rf1 Ra3 52. Rf2 Bf8 53. Rf1 Rb3 54. Rd1 Rb2 55. Kf2 Be7 56. Ke3 Bd8 57. Kf2 Bb6+ 58. Kg3 Ba7 59. Kh3 Bf3 60. Rf1 Be2 0-1